=LDR 00000nam 2200000 4500 =001 INLIS000000000001898 =005 20130612090258 =008 ***********************************Ind** =035 ##$$0010-061300000001898 =041 ##$$a Ind =082 ##$$a 613.2 =090 ##$$a 613.2, Nic i =100 ##$$a Nicholls, Lucius =245 ##$$a Ilmu gizi dan ilmu diit di daerah tropik, Lucius Nicholl =260 ##$$a 1976 $b Jakarta =300 ##$$a 675 hlm, ilus, 21 cm =650 ##$$a Gizi =850 ##$$a NBPNMAT